Partial differential equations VII : spectral theory of differential operators
Αποθηκεύτηκε σε:
| Άλλοι συγγραφείς: | |
|---|---|
| Μορφή: | Βιβλίο |
| Γλώσσα: | English |
| Δημοσίευση: |
Berlin ; Heidelberg :
Springer-Verlag,
c1994
|
| Σειρά: | Encyclopaedia of mathematical sciences ;
; 64 |
| Θέματα: | |
| Ετικέτες: |
Προσθήκη ετικέτας
Δεν υπάρχουν, Καταχωρήστε ετικέτα πρώτοι!
|
MARC
| LEADER | 00000cam a2200000 i 4500 | ||
|---|---|---|---|
| 001 | 1/27903 | ||
| 008 | 990225s1994 eng d | ||
| 020 | |a 3-540-54677-4 | ||
| 035 | |a 1995 |l 10037939 | ||
| 040 | |a GR-MY-UA |b gre |e aacr | ||
| 041 | 0 | |a eng | |
| 082 | 0 | |a 515.353 | |
| 245 | 1 | 0 | |a Partial differential equations VII : |b spectral theory of differential operators / |c M. A. Shubin (ed.) |
| 246 | 3 | 3 | |a Partial differential equations 7 |
| 260 | |a Berlin ; Heidelberg : |b Springer-Verlag, |c c1994 | ||
| 300 | |a 272 p.; |c 24 cm. | ||
| 490 | 1 | |a Encyclopaedia of mathematical sciences |v ; 64 | |
| 500 | |a Includes bibliographical references and index | ||
| 650 | 0 | 0 | |a Differential equations, Partial. |
| 700 | 1 | |a Shubin, M. A. |q (Mikhail Aleksandrovich) |d 1944- |e edt | |
| 830 | 0 | |a Encyclopaedia of mathematical sciences ; |v ; 64 | |
| 852 | |a INST |b SAMOS |e 19990310 |h 515.353 PAR |p 005300013077 |q 005300013077 |t BK |y 0 | ||
| 852 | |a INST |b SAMOS |e 19990225 |h 515.353 PAR |p 005300013251 |q 005300013251 |t BK |y 0 | ||
| 901 | |a BIBL-1999-1 | ||
| 909 | |a Σ |b 039345 | ||
| 909 | |a Σ |b 063074 | ||
| 922 | |a 3ΕΛΗ |b 199901 |c ΕΠΕΑΕΚ/ΜΑΘ |d GLORY | ||